| 000 | 01279nam a2200277 a 4500 | ||
|---|---|---|---|
| 001 | BRCA_7921 | ||
| 005 | 20190320210043.0 | ||
| 008 | 050314s2013----mx-o###f##---#001-0#spa-# | ||
| 020 | _a9786079355012 | ||
| 041 | _aspa | ||
| 044 | _amx | ||
| 050 | 4 |
_aN5198 _b.D36 2013 |
|
| 245 | 1 | 0 |
_aLa danza de los espectros _ccoordinador del proyecto Gonzalo Ortega ; textos de Masayo Nonaka, Gonzalo Ortega ; traducción al inglés de Guillermina Olmedo. |
| 260 |
_aMéxico _bMuseo de Arte Contemporáneo de Monterrey _c2013 |
||
| 300 |
_a218 p. _bil. a color _c28 cm. |
||
| 500 | _aIncluye piezas de la colección Franz Mayer: p. 113, 114, 115, 116, 118, 121, 122, 123, 124 y 136 | ||
| 520 | 3 | _aEsta obra presenta el trabajo surrealista de cinco artistas -Alice Rahon, Leonora Carrington, Remedios Varo, José Horna y Wolfgang Paalen- que nos remiten a las tradiciones ancestrales mezcladas en un simbolismo sobrenatural y la razón | |
| 546 | _aTexto en: español e inglés | ||
| 650 | 1 | 4 |
_aPintores _ySiglo XX _zMéxico _919589 |
| 650 | 1 | 4 |
_aSurrealismo _ySiglo XX _zMéxico _919590 |
| 650 | 1 | 4 |
_aArte mexicano _ySiglo XX _zMéxico _919591 |
| 700 | 1 |
_aOrtega, Gonzalo _ecoord. _919592 |
|
| 700 | 1 |
_aNonaka, Masayo _919593 |
|
| 700 | 1 |
_aOlmedo, Guillermina _etr. _919594 |
|
| 942 |
_2lcc _cB |
||
| 999 |
_c7591 _d7591 |
||